500 [i.e. Quinientos] años : hacia un autodesencubrimiento de la identidad caribeña /
Guardado en:
| Hovedforfatter: | |
|---|---|
| Format: | Bog |
| Sprog: | Spanish |
| Udgivet: |
Santo Domingo, República Dominicana
Edicionee CEDEE
1991
|
| Fag: | |
| Tags: |
Tilføj Tag
Ingen Tags, Vær først til at tagge denne postø!
|
MARC
| LEADER | 00000nam a22000007a 4500 | ||
|---|---|---|---|
| 003 | cru CIDCACS/IIS | ||
| 005 | 20220312062538.0 | ||
| 008 | 180511b1991 dr ao|||||||||||||0|spa|| | ||
| 999 | |c 41400 |d 41400 | ||
| 040 | |c cru CIDCACS/IIS | ||
| 090 | |a 05.02.01 M941q | ||
| 100 | 1 | |9 7180 |a Muamba Tujibikile, Pedro |e Autor | |
| 245 | 1 | 0 | |a 500 [i.e. Quinientos] años : |b hacia un autodesencubrimiento de la identidad caribeña / |c Pedro Muamba Tujibikile, cicm |
| 250 | |b Edición al cuidado de Luis Rojas | ||
| 260 | |a Santo Domingo, República Dominicana |b Edicionee CEDEE |c 1991 | ||
| 300 | |a 89 páginas | ||
| 500 | |a Colección Alforja | ||
| 650 | 1 | 7 | |9 4620 |a IDENTIDAD |
| 650 | 1 | 7 | |9 6216 |a EVANGELIZACION |
| 650 | 1 | 0 | |9 1133 |a VALORES SOCIALES |
| 650 | 1 | 0 | |a ESCLAVITUD |9 39 |
| 651 | 0 | |9 4609 |a CARIBE | |
| 942 | |2 ddc |c LI | ||
